| 000 | 00999cam a22001934a 4500 | ||
|---|---|---|---|
| 005 | 20250605163931.0 | ||
| 008 | 250528s ||||||||||||||||||||||||d | ||
| 035 | _a14673 | ||
| 020 | _a710084765 | ||
| 040 |
_aGR-AtMCL _bgre _dGR-AtMCL _eAACR2 |
||
| 245 | 1 | _aReading and Loving | |
| 260 |
_bRoutledge & Kegan Paul, _c1977 |
||
| 300 | _a136 | ||
| 520 | _aKit and Martha and Emily, Round and Round the Garden, Three Together, Words and Welcomes, Open Sesame, Bodies and Books, That's Me, Words are True, Dear Billy, The Child and the Tigers, Frogs or Pearls, Surviving the Siamese Cat, Factory Babies, Explorers Keep Out, Access to Lions, ''Hurry Up and ''Don't Touch, Do Teachers Cuddle?, I'll Tell you What you Like, Gnomes are All Right, My Dad, Filthy Fish and Chips, The Apalling Accusative, What is a Sprout?, Going to the Right Places, Soft Nees and Hard Art, Afterword: Wendy House at the Tate, Appendix. | ||
| 700 | 1 |
_aBerg Leila _9417 |
|
| 942 | _cBK | ||
| 999 |
_c296 _d296 |
||